000 00614nam a2200205Ia 4500
005 20250508165717.0
008 008 250505s9999 xx 000 0 eng d
020 _a81-250-3156-1
037 _aTheses
040 _aFEDL
_beng
_cFEDL
041 _aeng
_2eng
084 _a507, VAR/TH
_qFEDL
100 _aVarshney Priyanka
_9550183
245 0 _aEvolving a pedagogical response to socio- cultural experiences of students in science
260 _c2015
300 _av, 298p.
546 _aPH.D Thesis (Delhi University); C D Included
942 _cTH
_h507, VAR/TH
999 _c1396918
_d1396918